| 000 | 01353nam a2200337 i 4500 | ||
|---|---|---|---|
| 001 | 768714001 | ||
| 003 | CO-MdFUSB | ||
| 005 | 20230213120620.0 | ||
| 007 | ta | ||
| 008 | 170823s2004 sp |||| |||| 00| 0 spa d | ||
| 020 | _a9500725010 | ||
| 040 |
_aCO-MdFUSB _bspa _cCO-MdFUSB _dCO-MdFUSBC _erda |
||
| 041 | 0 | _aspa | |
| 082 | 0 | 4 |
_a222.16 _223 _bS266d |
| 100 | 1 |
_aSavater, Fernando _eautor |
|
| 245 | 1 | 4 |
_aLos diez mandamientos en el siglo XXI _b: tradición y actualidad del legado de Moisés _c/ Fernando Savater |
| 250 | _acuarta edición | ||
| 264 | 1 |
_aBuenos Aires, Argentina : _bSudamericana, _c[2004] |
|
| 264 | 4 | _c©2004 | |
| 300 |
_a184 páginas _c; 23 cm |
||
| 336 |
_2rdacontent _atexto _btdi |
||
| 337 |
_2rdamedia _asin mediación _bn |
||
| 338 |
_2rdacarrier _avolumen _bnc |
||
| 505 | _aAmarás a Dios sobre todas las cosas. -- No tomarás el nombre de Dios en vano. -- Santificarás el día del Señor. -- Honrarás a tu madre y a tu madre. -- No matarás. -- No cometerás adulterio. -- No robarás. -- No levantarás falso testimonio ni mentirás. -- No desearás a la mujer del prójimo. -- No codiciarás los bienes ajenos. | ||
| 563 | _aRústico | ||
| 650 | 7 |
_9404 _aBiblia _xCrítica, interpretación, etc. |
|
| 650 | 7 |
_9323 _aDios _xEnseñanza bíblica |
|
| 653 | _aDiez mandamientos. | ||
| 942 | _cBK | ||
| 945 | _aJTF-925 | ||
| 999 |
_c41123 _d41123 |
||